LDR 00657naa#a2200181#i#450# 001 EN\\bibl\125813 005 20260630063750.2 011 ## _a2077-7566 100 ## _a20260629b2026####ek#y0engy0150####ca 101 0# _aRUS 102 ## _aRU 200 1# _aPATHOMORPHOLOGICAL CHANGES IN DENTAL PULP UNDER HIGH- VOLTAGE ELECTRICAL EXPOSURE: A FORENSIC MEDICAL ASSESSMENT _eJournal article 210 1# _aEkaterinburg _cTIRAZH Publishing House _d2026 215 ## _a4 с. 608 ## _aJournal article _2local 675 ## _aСтоматология. Заболевания ротовой полости и зубов. 616.31 _zRUS 700 #1 _aKamalyan _gAshot V. 856 4# _adental-press.ru _u